| 000 | 00559 a2200169 4500 | ||
|---|---|---|---|
| 001 | 141487 | ||
| 040 | _cLeonardo Da Vinci | ||
| 082 |
_a780.092 C174c _bC174c |
||
| 100 |
_aCÂMARA, Renato Phaelante da _aBARRETO, Aldo Paes |
||
| 245 | _aCapiba é frevo meu bem | ||
| 260 |
_bFUNARTE; Instituto Nacinal de Música - Divisão de Música Popular _c1986 _aRio de Janeiro |
||
| 300 | _a140 | ||
| 362 | _a19860000 | ||
| 490 | _aMPB; 20 | ||
| 697 |
_aArtes _aMúsica _aHistória _aPopular _aCompositores _aCantores _aLourenço da Fonseca Barbosa _aBrasil |
||
| 942 | _cBK | ||
| 999 |
_c141487 _d141487 |
||